Statistics for Football players who have played for Chelsea and Milan

Click here to take the quiz!

General Stats

  • This quiz has been taken 909 times
    (151 since last reset)
  • The average score is 10 of 26

Answer Stats

Years at ChelseaYears at MilanPlayer% Correct
2019-20232023-presentChristian Pulišić
80%
2018-20212021-presentOlivier Giroud
76%
2016-20212021 (loan),2021-presentFikayo Tomori
74%
2006-20091999-2006,2008-2009 (loan)Andriy Shevchenko
71%
2014-20232023-presentRuben Loftus-Cheek
71%
2020-present2009-2012Thiago Silva
66%
1995-19981987-1993,1994Ruud Gullit
56%
2011-20152014-2015 (loan),2015-2016Fernando Torres
51%
2005-20142014-2015Michael Essien
49%
2003-20082004-2005 (loan)Hernan Crespo
47%
2017-20232018-2019 (loan),2021-2023 (loan)Tiemoue Bakayoko
43%
2016 (loan)2007-2012Alexandre Pato
42%
2019 (loan)2018-2019 (loan)Gonzalo Higuain
39%
2000 (loan)1995-2000George Weah
33%
2004-20122014-2016Alex
32%
1998-20041993-1998Marcel Desailly
31%
1999-2000 (loan),2000-20091992-1995Carlo Cudicini
27%
2013-20212014-2015 (loan)Marco van Ginkel
24%
2000-2001 (loan)1993-1996Christian Panucci
21%
2009-20112017-2018 (loan),2018-2020Fabio Borini
17%
1973-19791984-1987Ray Wilkins
14%
2015-20172020 (loan)Asmir Begović
13%
2000-20041997Winston Bogarde
12%
1957-19611961Jimmy Greaves
10%
1999-20022002-2006Sam Dalla Bona
10%
19981993-1994 (loan)Brian Laudrup
8%

Score Distribution

Percentile by Number Answered

Percent of People with Each Score

Your Score History

You have not taken this quiz since the last reset